012_ Personnalités nées un 12 janvier par images - Statistiques

Statistiques générales
  • Ce quiz a été pris 43 fois
  • Le résultat moyen est 2 sur 9
Statistiques - réponses
Par images Hint Réponse % Correct
Homme d'affaires Jeff Bezos
95%
Rappeur Gambi
38%
Militaire Joseph Joffre
19%
Militaire Hermann Göring
5%
Écrivain Jack London
2%
Actrice Kirstie Alley
2%
Écrivain Charles Perrault
0%
Écrivain Haruki Murakami
0%
Réalisateur Jean Delannoy
0%
Aucun quiz correspondant
Distribution des résultats
% des personnes avec chaque résultat
Percentile par nombre de réponses
Votre historique - résultats
Vous n’avez pas pris ce quiz